[Event "43rd World Open"]
[Site "Arlington, VA"]
[Date "2015.07.04"]
[Round "7"]
[White "Santarius, Erik"]
[Black "Krush, Irina"]
[Result "1/2-1/2"]
[WhiteElo "2266"]
[BlackElo "2477"]
[PlyCount "93"]
[EventDate "2015.07.??"]
[EventType "swiss"]
[EventRounds "9"]
[EventCountry "USA"]

1. e4 c5 2. Nf3 e6 3. d4 cxd4 4. Nxd4 Nc6 5. Nc3 Qc7 6. Be3 a6 7. a3 Nf6 8. Be2
Be7 9. O-O O-O 10. f4 d6 11. Qe1 Nxd4 12. Bxd4 e5 13. Be3 exf4 14. Bxf4 Be6 15.
Qg3 Nd7 16. Bh6 g6 17. Bxf8 Bxf8 18. Bg4 Bxg4 19. Qxg4 Ne5 20. Qh3 Qb6+ 21. Kh1
Bg7 22. Nd5 Qxb2 23. Qb3 Ng4 24. Qxb2 Bxb2 25. Rab1 Bd4 26. g3 b5 27. a4 bxa4
28. Rb4 Bc5 29. Rxa4 Kg7 30. h3 Ne5 31. Rfa1 Rb8 32. Rxa6 h5 33. R6a2 h4 34. g4
Nf3 35. Kg2 Ng5 36. Re1 Bd4 37. c3 Be5 38. Rc2 Bg3 39. Re3 Rb1 40. Ree2 Ne6 41.
Rb2 Rc1 42. Re3 Nc5 43. Rxg3 hxg3 44. Re2 Rd1 45. Kxg3 Nxe4+ 46. Rxe4 Rxd5 47.
Rd4 1/2-1/2

[Event "43rd World Open"]
[Site "Arlington, VA"]
[Date "2015.07.04"]
[Round "7"]
[White "Bodek, Michael"]
[Black "Chandran, Kapil"]
[Result "1/2-1/2"]
[WhiteElo "2425"]
[BlackElo "2257"]
[PlyCount "161"]
[EventDate "2015.07.??"]
[EventType "swiss"]
[EventRounds "9"]
[EventCountry "USA"]

1. e4 c5 2. Nf3 e6 3. Nc3 a6 4. g3 b5 5. d4 cxd4 6. Nxd4 Bb7 7. Bg2 Nf6 8. O-O
b4 9. Na4 Bxe4 10. Bxe4 Nxe4 11. Re1 d5 12. c4 bxc3 13. Nxc3 Be7 14. Nxe4 dxe4
15. Rxe4 O-O 16. Be3 Qd5 17. Qc2 Bf6 18. a3 Nd7 19. Nxe6 Rac8 20. Rd1 Qxe6 21.
Qxc8 Qxe4 22. Qxd7 Bxb2 23. a4 h6 24. a5 Re8 25. Qd3 Qf3 26. Rb1 Bf6 27. Re1
Bg5 28. Qxa6 Rxe3 29. Rxe3 Bxe3 30. fxe3 Qxe3+ 31. Kg2 Qe4+ 32. Kf2 Qd4+ 33.
Kf3 Qd5+ 34. Ke3 Qe5+ 35. Kd3 Qd5+ 36. Kc3 Qc5+ 37. Kb3 Qd5+ 38. Kb4 Qd2+ 39.
Kb5 Qd5+ 40. Kb6 Qd6+ 41. Kb7 Qd7+ 42. Kb8 Kh7 43. Qb6 Qe8+ 44. Kc7 Qe7+ 45.
Kc6 Qe6+ 46. Kc5 Qe5+ 47. Kc4 Qe4+ 48. Kc3 Qe5+ 49. Kd3 Qd5+ 50. Ke3 Qe5+ 51.
Kf2 Qf5+ 52. Kg1 Qe4 53. Qb5 Qe3+ 54. Kg2 Qe4+ 55. Kf2 Qd4+ 56. Kf3 g6 57. a6
Qf6+ 58. Kg2 Qe6 59. a7 Qa2+ 60. Kg1 Qxa7+ 61. Kg2 Qd4 62. Qb7 Qc4 63. Qe7 Qe6
64. Qc7 g5 65. Qc2+ Kg7 66. Qc3+ Kg6 67. Qd3+ f5 68. Qd1 Qc6+ 69. Kf2 Qb6+ 70.
Kg2 Qe6 71. Kf2 Qc6 72. Kg1 Qc5+ 73. Kg2 Qe5 74. Kf2 h5 75. Qd3 h4 76. Qa6+ Kh5
77. Qd3 h3 78. Kf3 g4+ 79. Kf2 Kg6 80. Qa6+ Kg5 81. Qe2 1/2-1/2

[Event "43rd World Open"]
[Site "Arlington, VA"]
[Date "2015.07.04"]
[Round "7"]
[White "Studen, Damir"]
[Black "Holt, Conrad"]
[Result "1/2-1/2"]
[WhiteElo "2259"]
[BlackElo "2546"]
[PlyCount "64"]
[EventDate "2015.07.??"]
[EventType "swiss"]
[EventRounds "9"]
[EventCountry "USA"]

1. d4 d5 2. c4 c6 3. Nf3 Nf6 4. Nc3 dxc4 5. a4 Bf5 6. Ne5 Nbd7 7. Nxc4 Nb6 8.
Ne5 a5 9. h4 g6 10. f3 Bg7 11. e4 Be6 12. Be3 O-O 13. Qd2 Qd6 14. Be2 Nh5 15.
Bf2 Rad8 16. f4 Nf6 17. Qe3 Nfd7 18. O-O Qb8 19. Nxd7 Bxd7 20. d5 Nc8 21. e5
cxd5 22. Nxd5 Bc6 23. Nc3 e6 24. Rad1 Ne7 25. Qb6 Nd5 26. Nxd5 Rxd5 27. Rxd5
Bxd5 28. Qxa5 Rc8 29. Qd2 Qc7 30. Be3 Qd7 31. Bb5 Qd8 32. Rc1 Ra8 1/2-1/2

[Event "43rd World Open"]
[Site "Arlington, VA"]
[Date "2015.07.04"]
[Round "7"]
[White "Velikanov, Alexander"]
[Black "Troff, Kayden"]
[Result "1/2-1/2"]
[WhiteElo "2317"]
[BlackElo "2545"]
[PlyCount "69"]
[EventDate "2015.07.??"]
[EventType "swiss"]
[EventRounds "9"]
[EventCountry "USA"]

1. d4 Nf6 2. Nf3 g6 3. g3 b6 4. Bg2 Bb7 5. O-O Bg7 6. b3 c5 7. c4 cxd4 8. Nxd4
Bxg2 9. Kxg2 O-O 10. Bb2 Qc8 11. Qd3 d6 12. Nc3 Nc6 13. Nxc6 Qxc6+ 14. Qf3 Qd7
15. Rfd1 Rac8 16. e4 Rc5 17. Nd5 Nxd5 18. Bxg7 Nf4+ 19. Qxf4 Kxg7 20. Rd5 Rfc8
21. h4 h5 22. Rad1 Qe6 23. Rxc5 Rxc5 24. Rd5 Rxd5 25. exd5 Qf6 26. Qe4 Kf8 27.
Qe3 Qb2 28. a4 Ke8 29. a5 bxa5 30. Qxa7 Qxb3 31. Qa8+ Kd7 32. Qc6+ Kd8 33. Qa8+
Kd7 34. Qc6+ Kd8 35. Qa8+ 1/2-1/2

[Event "43rd World Open"]
[Site "Arlington, VA"]
[Date "2015.07.04"]
[Round "7"]
[White "Korley, Kassa"]
[Black "Krishnan, Varun"]
[Result "1-0"]
[WhiteElo "2430"]
[BlackElo "2315"]
[PlyCount "161"]
[EventDate "2015.07.??"]
[EventType "swiss"]
[EventRounds "9"]
[EventCountry "USA"]

1. Nf3 d5 2. g3 Nf6 3. Bg2 c6 4. O-O Bg4 5. d3 Nbd7 6. Nbd2 e5 7. e4 Bd6 8. h3
Bh5 9. Qe1 O-O 10. Nh4 Re8 11. Nf5 Bc7 12. Nf3 Nc5 13. N3h4 Ne6 14. Be3 Ba5 15.
b4 Bc7 16. a4 dxe4 17. dxe4 Nd4 18. Nxd4 exd4 19. Bg5 h6 20. Bxf6 Qxf6 21. f4
a5 22. e5 Qe7 23. g4 Bg6 24. Nxg6 fxg6 25. b5 cxb5 26. axb5 Bb6 27. Qe4 Qf7 28.
Qxb7 Qxb7 29. Bxb7 Rad8 30. Bc6 Re7 31. Kg2 g5 32. Rae1 d3 33. cxd3 Rxd3 34.
fxg5 hxg5 35. e6 Rd2+ 36. Kf3 Rd3+ 37. Ke4 Re3+ 38. Kf5 R7xe6 39. Rxe3 Rf6+ 40.
Ke4 Rxf1 41. Rd3 Kf7 42. Rd7+ Kf6 43. Rb7 Rf4+ 44. Kd3 Rd4+ 45. Kc3 Bc5 46. Be8
Rd8 47. Bd7 Ke7 48. Bf5+ Kf6 49. Kc4 Be3 50. b6 Rd6 51. Kb5 a4 52. Bc2 a3 53.
Bb3 Ke5 54. Re7+ Kf4 55. b7 Rb6+ 56. Kc4 g6 57. Kc3 Bd2+ 58. Kc2 Be3 59. Bd5
Bc5 60. Rg7 Rb2+ 61. Kd3 Kg3 62. Rxg6 a2 63. Ra6 Bd6 64. Rxa2 Rb6 65. Bg2 Rb1
66. Kd4 Rg1 67. Ke4 Bf4 68. Kf5 Rb1 69. Bd5 Kxh3 70. Ra3+ Kh4 71. Rb3 Rg1 72.
Be6 Rxg4 73. Rb4 Kg3 74. Kg6 Rh4 75. Rxf4 Rh8 76. Rb4 Rb8 77. Bc8 Kf3 78. Kf6
Ke3 79. Ke6 g4 80. Rxg4 Kf3 81. Ra4 1-0

[Event "43rd World Open"]
[Site "Arlington, VA"]
[Date "2015.07.04"]
[Round "7"]
[White "Shetty, Atulya"]
[Black "Flaquer, Luis"]
[Result "1/2-1/2"]
[WhiteElo "2368"]
[BlackElo "2268"]
[PlyCount "108"]
[EventDate "2015.07.??"]
[EventType "swiss"]
[EventRounds "9"]
[EventCountry "USA"]

1. c4 e6 2. g3 d5 3. Bg2 Nf6 4. Nf3 Nbd7 5. b3 dxc4 6. bxc4 e5 7. Nc3 e4 8. Nd4
Nc5 9. Nb3 Bf5 10. O-O Qd7 11. Ba3 Ne6 12. Bxf8 Kxf8 13. d3 exd3 14. Bxb7 Rb8
15. Bg2 h5 16. Nd5 c6 17. Nxf6 gxf6 18. exd3 Qxd3 19. Qc1 c5 20. Rd1 Qe2 21.
Qa3 Kg7 22. Qxa7 h4 23. Re1 Qh5 24. Re3 hxg3 25. Rxg3+ Bg6 26. h3 Rbd8 27. Kh2
Qe5 28. Qa5 f5 29. Re1 Qd6 30. Qc3+ Nd4 31. Bd5 f4 32. Rxg6+ fxg6 33. Nxd4 cxd4
34. Qxd4+ Kh6 35. Rg1 Rhf8 36. Rg4 Qf6 37. Qxf6 Rxf6 38. Kg2 Rdf8 39. Kf3 Ra6
40. Rxf4 Ra3+ 41. Ke4 Re8+ 42. Kd4 Rxa2 43. Kc5 Kg5 44. Rf7 Rc8+ 45. Kd6 Rd2
46. Ke6 Re8+ 47. Kd7 Re4 48. Kc6 Rf4 49. c5 Rxf7 50. Bxf7 Rxf2 51. Bd5 Kf6 52.
Kd6 Rh2 53. c6 Rxh3 54. c7 Rh8 1/2-1/2

[Event "43rd World Open"]
[Site "Arlington, VA"]
[Date "2015.07.04"]
[Round "7"]
[White "Vibbert, Sean"]
[Black "Colas, Joshua"]
[Result "1-0"]
[WhiteElo "2360"]
[BlackElo "2241"]
[PlyCount "69"]
[EventDate "2015.07.??"]
[EventType "swiss"]
[EventRounds "9"]
[EventCountry "USA"]

1. e4 c5 2. Nc3 e6 3. Nge2 a6 4. g3 b5 5. Bg2 Bb7 6. O-O d6 7. d3 Nc6 8. Be3
Nf6 9. h3 Be7 10. Qd2 O-O 11. g4 b4 12. Na4 Nd7 13. a3 a5 14. f4 e5 15. Ng3
exf4 16. Bxf4 Nd4 17. Nf5 Ne6 18. e5 Bxg2 19. Nxe7+ Qxe7 20. exd6 Qf6 21. Kxg2
Qd4 22. b3 Qd5+ 23. Kh2 Nd4 24. Qg2 Qxg2+ 25. Kxg2 Nxc2 26. Rac1 Nd4 27. axb4
Nxb3 28. bxc5 Nxc1 29. Rxc1 g5 30. Bxg5 Ne5 31. d4 Nc6 32. d5 Nb4 33. Rd1 f6
34. Bf4 Kf7 35. c6 1-0

[Event "43rd World Open"]
[Site "Arlington, VA"]
[Date "2015.07.04"]
[Round "7"]
[White "Gulamali, Kazim"]
[Black "Kumar, Aravind"]
[Result "1-0"]
[WhiteElo "2350"]
[BlackElo "2178"]
[PlyCount "89"]
[EventDate "2015.07.??"]
[EventType "swiss"]
[EventRounds "9"]
[EventCountry "USA"]

1. d4 d5 2. c4 c6 3. Nf3 Nf6 4. Nc3 e6 5. Bg5 Nbd7 6. e3 Be7 7. Qc2 O-O 8. Rc1
h6 9. Bxf6 Nxf6 10. Bd3 a6 11. O-O dxc4 12. Bxc4 b5 13. Bd3 c5 14. dxc5 Bxc5
15. Rfd1 Qb6 16. Ne4 Be7 17. Ne5 Nd5 18. Nc6 Bb7 19. Nxe7+ Nxe7 20. Qc5 Qxc5
21. Nxc5 Bc6 22. e4 Rfd8 23. f3 Be8 24. Kf2 Nc6 25. Ke3 Kf8 26. f4 Ke7 27. a3
e5 28. g3 Rd6 29. Bb1 Rxd1 30. Rxd1 b4 31. Ba2 bxa3 32. bxa3 Nd4 33. Rc1 Nc6
34. Bd5 exf4+ 35. gxf4 Ra7 36. e5 g5 37. Ne4 gxf4+ 38. Kxf4 Nd8 39. Nf6 Bd7 40.
Ng8+ Kf8 41. Nxh6 a5 42. Ng4 Bxg4 43. Kxg4 Rd7 44. Rc5 a4 45. Kf5 1-0

[Event "43rd World Open"]
[Site "Arlington, VA"]
[Date "2015.07.04"]
[Round "7"]
[White "Panchanatham, Vignesh"]
[Black "Kretchetov, Alexander"]
[Result "1/2-1/2"]
[WhiteElo "2262"]
[BlackElo "2327"]
[PlyCount "39"]
[EventDate "2015.07.??"]
[EventType "swiss"]
[EventRounds "9"]
[EventCountry "USA"]

1. d4 d5 2. c4 c6 3. cxd5 cxd5 4. Nc3 Nf6 5. Bf4 Nc6 6. e3 a6 7. Bd3 e6 8. h3
Be7 9. Nf3 O-O 10. O-O b5 11. Rc1 Bb7 12. Qe2 Rc8 13. Bb1 Qb6 14. Rfd1 Rfd8 15.
Bg5 Rc7 16. Ne5 Rdc8 17. Qd3 g6 18. Nxc6 Bxc6 19. Bf4 Rd7 20. Qe2 1/2-1/2

[Event "43rd World Open"]
[Site "Arlington, VA"]
[Date "2015.07.04"]
[Round "7"]
[White "Balakrishnan, Praveen"]
[Black "Katz, Alexander"]
[Result "0-1"]
[WhiteElo "2226"]
[BlackElo "2320"]
[PlyCount "94"]
[EventDate "2015.07.??"]
[EventType "swiss"]
[EventRounds "9"]
[EventCountry "USA"]

1. Nf3 Nf6 2. g3 e6 3. Bg2 d5 4. O-O Be7 5. c4 dxc4 6. Qa4+ c6 7. Qxc4 b5 8.
Qc2 Bb7 9. d3 Nbd7 10. b3 O-O 11. Bb2 Rc8 12. Nc3 Qb6 13. e4 c5 14. Nd2 Rfd8
15. Ne2 Nb8 16. Rfd1 Nc6 17. a3 e5 18. Rac1 Ng4 19. Rf1 c4 20. bxc4 Bc5 21. Bh3
Nxf2 22. Kg2 Nxh3 23. Kxh3 Na5 24. Kg2 Be3 25. Bc3 bxc4 26. Bxa5 Qxa5 27. Nxc4
Bxc1 28. Qb3 Qc7 29. Rxc1 Ba6 30. Ne3 Qb6 31. Qxb6 axb6 32. Nd5 Rxc1 33. Nxc1
f5 34. Kf3 fxe4+ 35. dxe4 Kf7 36. Na2 Bc4 37. Nab4 b5 38. Ne3 Ke6 39. Nec2 Rd2
40. h4 Bb3 41. Ne3 Bd1+ 42. Nxd1 Rxd1 43. Ke2 Rg1 44. Nd5 Kd7 45. a4 bxa4 46.
Nb6+ Kc6 47. Nxa4 Rxg3 0-1

[Event "43rd World Open"]
[Site "Arlington, VA"]
[Date "2015.07.04"]
[Round "7"]
[White "Aaron, Deepak"]
[Black "Fawole, John"]
[Result "1-0"]
[WhiteElo "2321"]
[BlackElo "2160"]
[PlyCount "55"]
[EventDate "2015.07.??"]
[EventType "swiss"]
[EventRounds "9"]
[EventCountry "USA"]

1. e4 c5 2. Nf3 d6 3. d4 cxd4 4. Nxd4 Nf6 5. Nc3 a6 6. Bc4 e6 7. Bb3 Nbd7 8. f4
Nc5 9. e5 dxe5 10. fxe5 Nxb3 11. axb3 Nd5 12. O-O Be7 13. Qg4 Bc5 14. Nce2 Ne7
15. Bg5 Qd5 16. Bxe7 Kxe7 17. Qf4 Rf8 18. c4 Qd8 19. Rad1 Ke8 20. Kh1 Qc7 21.
Qg5 Rg8 22. Ng3 h6 23. Qh5 g6 24. Qf3 Rf8 25. Ne4 Qxe5 26. Nf6+ Ke7 27. Nc6+
bxc6 28. Ng8+ 1-0

[Event "43rd World Open"]
[Site "Arlington, VA"]
[Date "2015.07.04"]
[Round "7"]
[White "Bachmann, Axel"]
[Black "Yudasin, Leonid"]
[Result "1/2-1/2"]
[WhiteElo "2633"]
[BlackElo "2510"]
[PlyCount "116"]
[EventDate "2015.07.??"]
[EventType "swiss"]
[EventRounds "9"]
[EventCountry "USA"]

1. Nf3 c5 2. e4 e6 3. g3 Nc6 4. Bg2 Nf6 5. Nc3 d5 6. exd5 Nxd5 7. O-O Be7 8.
Re1 Nxc3 9. bxc3 O-O 10. c4 Rb8 11. d3 b6 12. Bf4 Bd6 13. Bd2 Bb7 14. Bc3 Re8
15. Qc1 Be7 16. Qb2 Bf6 17. Bxf6 Qxf6 18. Qxf6 gxf6 19. Reb1 f5 20. Rb2 Kg7 21.
a4 e5 22. Nh4 Kf6 23. a5 Nb4 24. axb6 axb6 25. Bxb7 Rxb7 26. Ng2 Rd8 27. Ne3 e4
28. dxe4 fxe4 29. c3 Nd3 30. Rb5 Ne5 31. Rab1 Rd2 32. Rxb6+ Rxb6 33. Rxb6+ Ke7
34. Nd5+ Kf8 35. Ne3 Nf3+ 36. Kg2 Ne1+ 37. Kf1 Nd3 38. Rf6 Kg7 39. Rf5 Ra2 40.
h4 Ra3 41. Nd5 h6 42. Nf6 e3 43. fxe3 Rxc3 44. Ne8+ Kg6 45. g4 Rxc4 46. h5+ Kh7
47. Rxf7+ Kg8 48. Rc7 Ne5 49. Nf6+ Kf8 50. e4 Rc2 51. g5 hxg5 52. Nh7+ Kg8 53.
Nf6+ Kf8 54. h6 Rh2 55. Nh7+ Ke8 56. Nf6+ Kd8 57. Rxc5 Rxh6 58. Rd5+ Kc8
1/2-1/2

[Event "43rd World Open"]
[Site "Arlington, VA"]
[Date "2015.07.05"]
[Round "8.1"]
[White "Kamsky, Gata"]
[Black "Ipatov, Alexander"]
[Result "1/2-1/2"]
[WhiteElo "2672"]
[BlackElo "2615"]
[PlyCount "110"]
[EventDate "2015.07.??"]
[EventType "swiss"]
[EventRounds "9"]
[EventCountry "USA"]
[WhiteClock "0:00:20"]
[BlackClock "0:02:56"]

1. d4 Nf6 2. Nf3 e6 3. g3 b6 4. Bg2 Bb7 5. c4 g6 6. Nc3 Bg7 7. d5 O-O 8. O-O
exd5 9. cxd5 Re8 10. Nd4 Na6 11. Bg5 h6 12. Bxf6 Qxf6 13. e3 c6 14. Rc1 Rac8
15. dxc6 dxc6 16. Ncb5 cxb5 17. Bxb7 Rxc1 18. Qxc1 Nc5 19. Bc6 Rd8 20. Bxb5 Ne6
21. Nxe6 Qxe6 22. b3 a5 23. Qc2 Bf8 24. Bc4 Qf6 25. a4 Kg7 26. Rd1 Rxd1+ 27.
Qxd1 Bc5 28. Qd5 Qf5 29. Qb7 h5 30. h3 Qb1+ 31. Kg2 Qf5 32. Qc6 Qf6 33. Qe4 Qf5
34. Qe8 Qf6 35. g4 hxg4 36. hxg4 Qe7 37. Qc6 Qf6 38. Qd5 g5 39. Bd3 Kf8 40. Bf5
Kg7 41. Be4 Kf8 42. Bd3 Kg7 43. Bc4 Kf8 44. Qe4 Kg7 45. Bd5 Qe7 46. Qb1 Qf6 47.
Be4 Qe6 48. Kf3 Qf6+ 49. Ke2 Ba3 50. Qh1 Qb2+ 51. Kf3 Qf6+ 52. Kg2 Bb4 53. Qh7+
Kf8 54. Bd5 Bc5 55. Qh5 Bb4 1/2-1/2

[Event "43rd World Open"]
[Site "Arlington, VA"]
[Date "2015.07.05"]
[Round "8.2"]
[White "Ramirez, Alejandro"]
[Black "Smirin, Ilya"]
[Result "1/2-1/2"]
[WhiteElo "2587"]
[BlackElo "2663"]
[PlyCount "31"]
[EventDate "2015.07.??"]
[EventType "swiss"]
[EventRounds "9"]
[EventCountry "USA"]
[WhiteClock "1:02:04"]
[BlackClock "1:06:10"]

1. Nf3 Nf6 2. c4 g6 3. Nc3 Bg7 4. g3 O-O 5. Bg2 d6 6. O-O Nc6 7. d4 Bf5 8. Ne1
Bd7 9. b3 e5 10. dxe5 dxe5 11. Bg5 h6 12. Bxf6 Bxf6 13. Nd3 b6 14. Nb4 Nxb4 15.
Bxa8 e4 16. Rc1 1/2-1/2

[Event "43rd World Open"]
[Site "Arlington, VA"]
[Date "2015.07.05"]
[Round "8.3"]
[White "Mamedov, Rauf"]
[Black "Kovalyov, Anton"]
[Result "1-0"]
[WhiteElo "2639"]
[BlackElo "2613"]
[PlyCount "49"]
[EventDate "2015.07.??"]
[EventType "swiss"]
[EventRounds "9"]
[EventCountry "USA"]
[WhiteClock "0:26:17"]
[BlackClock "0:35:16"]

1. e4 c5 2. Nf3 Nc6 3. Bb5 d6 4. O-O Bd7 5. Re1 Nf6 6. c3 g6 7. d4 Bg7 8. h3
O-O 9. dxc5 dxc5 10. a4 e5 11. Bg5 Qc7 12. Na3 Rad8 13. Qc2 a6 14. Bf1 h6 15.
Be3 Na5 16. Nd2 Rc8 17. Red1 Rfd8 18. Nac4 Nxc4 19. Nxc4 Bc6 20. Nd2 a5 21. Bb5
b6 22. Bxc6 Qxc6 23. Qb3 Rb8 24. Nc4 Re8 25. Rd6 1-0

[Event "43rd World Open"]
[Site "Arlington, VA"]
[Date "2015.07.05"]
[Round "8.4"]
[White "Ghaem Maghami, Ehsan"]
[Black "Akobian, Varuzhan"]
[Result "1-0"]
[WhiteElo "2570"]
[BlackElo "2632"]
[PlyCount "79"]
[EventDate "2015.07.??"]
[EventType "swiss"]
[EventRounds "9"]
[EventCountry "USA"]
[WhiteClock "0:01:56"]
[BlackClock "0:00:12"]

1. c4 e6 2. Nf3 Nf6 3. g3 d5 4. Bg2 Be7 5. d4 O-O 6. O-O Nbd7 7. Qc2 c6 8. Nbd2
b6 9. e4 Bb7 10. e5 Ne8 11. cxd5 cxd5 12. Re1 Qc8 13. Qd1 Ba6 14. Nf1 Nb8 15.
Bg5 Qd7 16. Bxe7 Qxe7 17. Rc1 Nc7 18. Ne3 Rc8 19. Qa4 Qd7 20. Qa3 Nb5 21. Qb4
Rc6 22. Qd2 h6 23. a4 Nc7 24. b4 b5 25. a5 Rc4 26. Nxc4 bxc4 27. Re3 Nc6 28.
Ne1 Rb8 29. Nc2 Qe7 30. Rb1 Nxa5 31. b5 Nb3 32. Rexb3 cxb3 33. bxa6 Nxa6 34.
Na1 Qa3 35. Qc3 Qa2 36. Rxb3 Nb4 37. Bf1 a5 38. Ra3 Qb1 39. Rxa5 Na2 40. Qd2
1-0

[Event "43rd World Open"]
[Site "Arlington, VA"]
[Date "2015.07.05"]
[Round "8"]
[White "Subramanian, Arun"]
[Black "McShane, Luke"]
[Result "1/2-1/2"]
[WhiteElo "2496"]
[BlackElo "2685"]
[PlyCount "111"]
[EventDate "2015.07.??"]
[EventType "swiss"]
[EventRounds "9"]
[EventCountry "USA"]

1. d4 d5 2. c4 c6 3. Nf3 Nf6 4. Nc3 a6 5. e3 b5 6. b3 Bg4 7. Be2 e6 8. h3 Bh5
9. g4 Bg6 10. Ne5 Bb4 11. Bd2 Bxc3 12. Bxc3 Ne4 13. Rc1 Nd7 14. Nxd7 Qh4 15.
Rh2 Kxd7 16. Ba5 Qe7 17. h4 Qa3 18. Bd2 h6 19. f3 Nxd2 20. Qxd2 bxc4 21. bxc4
Rhb8 22. Bd1 Ra7 23. cxd5 cxd5 24. Qc3 Qxc3+ 25. Rxc3 Rb1 26. Rd2 Rab7 27. h5
Bh7 28. Ra3 R7b6 29. Kf2 Kc7 30. Kg3 Rc1 31. Be2 Kb7 32. Bd1 f6 33. Be2 Rcb1
34. Kf2 Rc6 35. Kg3 Rb4 36. Kf2 Bb1 37. Kg3 Rbb6 38. Kf2 Kc7 39. Kg3 Kd6 40.
Kf2 g5 41. hxg6 Bxg6 42. Kg3 h5 43. gxh5 Bxh5 44. Bd3 Bf7 45. Rh2 e5 46. Rh6
Ke7 47. dxe5 fxe5 48. Rxc6 Rxc6 49. Bxa6 d4 50. exd4 exd4 51. Bd3 Rc3 52. Ra7+
Kf6 53. Be4 d3 54. Kf2 Rc2+ 55. Ke3 Bc4 56. Bxd3 1/2-1/2

[Event "43rd World Open"]
[Site "Arlington, VA"]
[Date "2015.07.05"]
[Round "8"]
[White "Preotu, Razvan"]
[Black "Bachmann, Axel"]
[Result "0-1"]
[WhiteElo "2452"]
[BlackElo "2633"]
[PlyCount "66"]
[EventDate "2015.07.??"]
[EventType "swiss"]
[EventRounds "9"]
[EventCountry "USA"]

1. e4 e5 2. Nf3 Nc6 3. Bb5 a6 4. Ba4 Nf6 5. O-O b5 6. Bb3 Be7 7. Re1 O-O 8. c3
Bb7 9. d4 d6 10. Nbd2 Nd7 11. Nf1 Bf6 12. Ng3 g6 13. Bh6 Bg7 14. Bg5 Qe8 15. a3
Kh8 16. Qd2 Nb6 17. dxe5 dxe5 18. Ba2 Na5 19. b3 f6 20. Be3 Rd8 21. Qe2 Qc6 22.
c4 bxc4 23. Rac1 Rd3 24. Nd2 Rfd8 25. b4 c3 26. Ndf1 Nac4 27. Bb1 Rd2 28. Nxd2
cxd2 29. Bxd2 Rxd2 30. Qxd2 Nxd2 31. Rxc6 Bxc6 32. Rc1 Bb5 33. Ba2 c6 0-1

[Event "43rd World Open"]
[Site "Arlington, VA"]
[Date "2015.07.05"]
[Round "8"]
[White "Nyzhnyk, Illia"]
[Black "Zapata, Alonso"]
[Result "1-0"]
[WhiteElo "2627"]
[BlackElo "2443"]
[PlyCount "83"]
[EventDate "2015.07.??"]
[EventType "swiss"]
[EventRounds "9"]
[EventCountry "USA"]

1. d4 Nf6 2. Nf3 g6 3. g3 Bg7 4. Bg2 O-O 5. c4 d6 6. Nc3 c5 7. O-O Nc6 8. dxc5
dxc5 9. Be3 Qa5 10. Qb3 Qb4 11. Na4 Na5 12. Qxb4 cxb4 13. b3 Ng4 14. Bd4 Nc6
15. Bxg7 Kxg7 16. Rfd1 Rb8 17. Ng5 h6 18. Nh3 e5 19. Bxc6 bxc6 20. Nc5 Nf6 21.
Kg2 Bf5 22. f3 Rfd8 23. Nf2 Nd7 24. Nxd7 Rxd7 25. e4 Be6 26. Rxd7 Bxd7 27. Nd3
Kf6 28. a3 bxa3 29. Rxa3 Rb7 30. Kf2 h5 31. h4 Bc8 32. Ke3 Re7 33. Ra5 Rb7 34.
b4 Be6 35. Rc5 Rb6 36. Kd2 Kg7 37. Kc3 f6 38. Ra5 a6 39. c5 Rb7 40. Rxa6 Bd7
41. Nb2 Rc7 42. Nc4 1-0

[Event "43rd World Open"]
[Site "Arlington, VA"]
[Date "2015.07.05"]
[Round "8"]
[White "Panchanathan, Magesh"]
[Black "Lee, Michael"]
[Result "1-0"]
[WhiteElo "2541"]
[BlackElo "2416"]
[PlyCount "93"]
[EventDate "2015.07.??"]
[EventType "swiss"]
[EventRounds "9"]
[EventCountry "USA"]

1. c4 Nf6 2. Nf3 g6 3. g3 Bg7 4. Bg2 O-O 5. O-O d6 6. d4 Nc6 7. Nc3 a6 8. Bf4
Rb8 9. Rc1 Bg4 10. b3 Qd7 11. Qd2 Nh5 12. Be3 e5 13. dxe5 Nxe5 14. Nxe5 Bxe5
15. Rfd1 Bh3 16. Bh1 Rfd8 17. Bd4 Bf4 18. Be3 Be5 19. Ba7 Ra8 20. Bd4 Bf4 21.
Be3 Bxe3 22. Qxe3 c6 23. Rd4 Nf6 24. Rcd1 Qf5 25. Rf4 Ng4 26. Qe7 Rd7 27. Qh4
g5 28. Rxf5 gxh4 29. Rh5 Nf6 30. Rxh4 Be6 31. Rhd4 Rad8 32. R1d2 Kf8 33. f4 d5
34. cxd5 cxd5 35. e4 Rc8 36. Nxd5 Bxd5 37. exd5 Rc1+ 38. Rd1 Rxd1+ 39. Rxd1 b5
40. Bf3 h5 41. Kf2 Ke7 42. Ke3 Rd8 43. Kd4 Rc8 44. Ke5 Nd7+ 45. Kf5 Rc2 46.
Re1+ Kd6 47. Re2 1-0

[Event "43rd World Open"]
[Site "Arlington, VA"]
[Date "2015.07.05"]
[Round "8"]
[White "Debs, Felipe"]
[Black "Gulamali, Kazim"]
[Result "1-0"]
[WhiteElo "2515"]
[BlackElo "2350"]
[PlyCount "61"]
[EventDate "2015.07.??"]
[EventType "swiss"]
[EventRounds "9"]
[EventCountry "USA"]

1. d4 Nf6 2. c4 e6 3. Nc3 Bb4 4. e3 O-O 5. Bd3 c5 6. Nge2 d5 7. O-O cxd4 8.
exd4 dxc4 9. Bxc4 Nc6 10. a3 Bd6 11. Qd3 e5 12. d5 e4 13. Nxe4 Bf5 14. N2g3
Bxe4 15. Nxe4 Ne5 16. Nxf6+ Qxf6 17. Qe4 Rfe8 18. Bb5 Re7 19. Be3 Ng6 20. Qd4
Qxd4 21. Bxd4 Nf4 22. Rfd1 a6 23. Bc4 b5 24. Bf1 Nxd5 25. g3 Nc7 26. Rac1 Ne8
27. Rc6 Re6 28. Bh3 Rh6 29. Bg2 Rd8 30. Be3 Re6 31. Rxa6 1-0

[Event "43rd World Open"]
[Site "Arlington, VA"]
[Date "2015.07.05"]
[Round "8"]
[White "Georgiadis, Nico"]
[Black "Abu Sufian, Shakil"]
[Result "1-0"]
[WhiteElo "2482"]
[BlackElo "2344"]
[PlyCount "63"]
[EventDate "2015.07.??"]
[EventType "swiss"]
[EventRounds "9"]
[EventCountry "USA"]

1. e4 c5 2. Nf3 d6 3. d4 cxd4 4. Nxd4 Nf6 5. Nc3 g6 6. Be3 Bg7 7. f3 Nc6 8. Qd2
O-O 9. Bc4 Bd7 10. O-O-O Rc8 11. Bb3 Ne5 12. Kb1 Re8 13. h4 h5 14. Bh6 Nc4 15.
Bxc4 Rxc4 16. Bxg7 Kxg7 17. g4 hxg4 18. h5 Rh8 19. hxg6 fxg6 20. f4 e5 21. Nde2
Rxh1 22. Rxh1 Qe8 23. fxe5 dxe5 24. Qh6+ Kf7 25. Rf1 Bc6 26. Qh4 Qe7 27. Qh7+
Ke6 28. Qxg6 Bxe4 29. Nxe4 Rxe4 30. Qf5+ Kd6 31. Qxf6+ Qxf6 32. Rxf6+ 1-0

[Event "43rd World Open"]
[Site "Arlington, VA"]
[Date "2015.07.05"]
[Round "8"]
[White "Krush, Irina"]
[Black "Acor, Corey"]
[Result "1-0"]
[WhiteElo "2477"]
[BlackElo "2280"]
[PlyCount "83"]
[EventDate "2015.07.??"]
[EventType "swiss"]
[EventRounds "9"]
[EventCountry "USA"]

1. g3 e5 2. c4 Nc6 3. Bg2 g6 4. Nc3 Bg7 5. e4 d6 6. Nge2 f5 7. d3 Nf6 8. O-O
O-O 9. h3 Be6 10. Nd5 Qd7 11. Kh2 Rae8 12. Be3 Nd8 13. Qd2 Rf7 14. Rad1 Ref8
15. exf5 gxf5 16. f4 Ne8 17. b3 c6 18. Ndc3 Qc7 19. fxe5 dxe5 20. d4 Rd7 21.
Qc1 Kh8 22. dxe5 Rxd1 23. Rxd1 Bxe5 24. Bf4 Nf7 25. Qe3 a6 26. Na4 Nf6 27. Nc5
Bc8 28. Nd3 Bxf4 29. Nexf4 Nh6 30. Qd4 Qg7 31. Nc5 Re8 32. Kg1 Nf7 33. Qc3 Ng5
34. Rd6 Nfe4 35. Qxg7+ Kxg7 36. Nxe4 Nxe4 37. Bxe4 fxe4 38. Kf2 Kf7 39. Ke3 Re5
40. Rd8 Bf5 41. g4 Be6 42. Rh8 1-0

[Event "43rd World Open"]
[Site "Arlington, VA"]
[Date "2015.07.05"]
[Round "8"]
[White "Katz, Alexander"]
[Black "Harmon-Vellotti, Luke"]
[Result "1/2-1/2"]
[WhiteElo "2320"]
[BlackElo "2430"]
[PlyCount "51"]
[EventDate "2015.07.??"]
[EventType "swiss"]
[EventRounds "9"]
[EventCountry "USA"]

1. e4 e6 2. d4 d5 3. Nd2 c5 4. exd5 exd5 5. Ngf3 Nc6 6. dxc5 Bxc5 7. Nb3 Bd6 8.
c3 Nge7 9. Bd3 O-O 10. O-O h6 11. h3 Nf5 12. Bc2 Qf6 13. Qd3 Rd8 14. Re1 Bc7
15. Nbd4 g6 16. Nxf5 Bxf5 17. Qd1 d4 18. cxd4 Ba5 19. Bd2 Nxd4 20. Bxa5 Nxc2
21. Bxd8 Rxd8 22. Qe2 Nxa1 23. Rxa1 Qe6 24. Qb5 Be4 25. Re1 Qc6 26. Qxc6
1/2-1/2